Responses for Show #8167 - Tuesday, February 25, 2020

MacKenzie Jones game 7.

Contestants

[<< previous game]

Sandha Khin, an artist and performer from Los Angeles, California

Christopher Cartagena, a social studies educator from Royal Palm Beach, Florida

MacKenzie Jones, a program development director from Tulsa, Oklahoma (whose 6-day cash winnings total $162,403)

[next game >>]

Jeopardy! Round responses

THE CONSTITUTION SAYS
GEOGRAPHY
WHOSE NO. 1 ALBUM
"INCH" WORD, "INCH" WORD...
DISTILL CRAZY
AFTER ALL THESE YEARS
    $200 4
a trial

MacKenzie
    $200 18
the Falklands

Christopher
    $200 1
Britney Spears

Sandha
    $200 2
a pinch

MacKenzie
    $200 15
brandy

Triple Stumper
    $200 17
California

Christopher
    $400 5
(Sandha: What are technologies?)

arts

Sandha
Triple Stumper
    $400 19
Hispaniola

Christopher
    $400 11
Taylor Swift

MacKenzie
    $400 3
a cinch

Christopher
    $400 16
vodka

MacKenzie
    $400 23
George R.R. Martin

Christopher
    $600 6
Commander in Chief

MacKenzie
    $2,000 20
Riviera

Christopher
    $600 12
the Go-Go's

MacKenzie
    $600 9
the Grinch

Christopher
    $600 30
a moonshiner

Christopher
    $600 24
(Orson) Welles

MacKenzie
    $800 7
a Senator

Christopher
    $800 21
Mount Ararat

MacKenzie
    $800 13
CCR (Creedence Clearwater Revival)

Christopher
    $800 10
the chinchilla

Triple Stumper
    $800 28
mash

Christopher
    $800 25
Carnegie Deli

MacKenzie
    $1000 8
an Emolument

Sandha
    $1000 22
the Brahma Putra

Triple Stumper
    $1000 14
(MacKenzie: Who is BTS?)

the Backstreet Boys

MacKenzieSandha
    $1000 29
a linchpin

MacKenzie
    $1000 27
copper

Triple Stumper
    $1000 26
Boston

Sandha

Scores at the first commercial break (after clue 15):

MacKenzie Christopher Sandha
$1,000 $2,600 $1,800

Scores at the end of the Jeopardy! Round:

MacKenzie Christopher Sandha
$4,600 $7,200 $2,800

Double Jeopardy! Round responses

PRO BONOBO WORK
ANTONYMS
ANCIENT GREEK THEATER
APTLY NAMED
THAT'S SO 500 YEARS AGO!
PLAYING REAL PEOPLE
    $400 23
[Laughter when MacKenzie stammered over saying the category's name and said, "...that one for $400."]

mothers (females)

Sandha
    $400 18
synonym

Christopher
    $400 17
Dionysus

Christopher
    $400 2
the weather

Christopher
    $400 13
Magellan

Christopher
    $400 7
Judy Garland

Sandha
    $800 1
the Democratic Republic of the Congo

Christopher
    $800 9
mandatory

Christopher
    $800 3
(Usain) Bolt

MacKenzie
    $800 14
Venice

Triple Stumper
    $800 8
Mike Wallace

Triple Stumper
    $1200 19
slavery

Triple Stumper
    $1200 25
(Sandha: What are critics?)

a chorus

ChristopherSandha
    $1200 4
psychiatry

Triple Stumper
    $1200 15
tuberculosis

MacKenzie
    $1200 10
The Social Network

MacKenzie
    $1600 22
the San Diego Zoo

MacKenzie
    $1600 20
(Christopher: What is apex?)

nadir

Christopher
Triple Stumper
    $5,000 27
(Christopher: What is tragedy?)
...
[The end-of-round signal sounds.]

catharsis

Christopher
    $1600 5
IQ (intelligence)

MacKenzie
    $6,000 16
Angkor Wat

MacKenzie
    $1600 11
(Dalton) Trumbo

MacKenzie
    $2000 24
(Alex: Less than a minute to go now, Sandha.)

a museum

Triple Stumper
    $2000 21
gargantuan

Sandha
    $2000 6
Prose

Triple Stumper
    $2000 26
(Alex: Back to you, Christopher. Running out of time.)

Constantinople

Triple Stumper
    $2000 12
(Gustav) Klimt

MacKenzie

Scores at the end of the Double Jeopardy! Round:

MacKenzie Christopher Sandha
$20,600 $5,000 $4,400
(lock game)

[wagering suggestions for these scores]

Final Jeopardy! Round responses

FAST FOOD
SandhaWhat is Filet o fish
$4,400
ChristopherWhat Fish Filet-o-fish Sandwich
$5,000
MacKenzieWhat is Fillet o' Fish?
$1,205
Filet-O-Fish

Final scores:

MacKenzie Christopher Sandha
$21,805 $10,000 $8,800
7-day champion: $184,208 2nd place: $2,000 3rd place: $1,000

Game dynamics:

Coryat scores:

MacKenzie Christopher Sandha
$16,200 $8,600 $4,400
18 R
(including 1 DD),
1 W
18 R
(including 1 DD),
2 W
(including 1 DD)
7 R,
2 W

Combined Coryat: $29,200

[game clues] [game scores] [suggest correction]

Game tape date: 2020-01-06
The J! Archive is created by fans, for fans. Scraping, republication, monetization, and malicious use prohibited; this site may use cookies and collect identifying information. See terms. The Jeopardy! game show and all elements thereof, including but not limited to copyright and trademark thereto, are the property of Jeopardy Productions, Inc. and are protected under law. This website is not affiliated with, sponsored by, or operated by Jeopardy Productions, Inc. Join the discussion at JBoard.tv.